000 00632nam a2200205Ii 4500
003 JO-AjNU
008 230605s9999||||xx |||||||||||||| ||und||
040 _aJO-AjNU
_bara
_erda
_cJO-AjNU
041 _aara
050 1 4 _aQ123 1988
100 3 _aبروان ، فنسون ؛ اميل شنودة دميان مترجم ,
_eauthor
_916550
245 0 0 _aالعلوم الخفية
250 _aد.ط
264 3 1 _aمصر: دار المعارف، 1988
300 _a162ص
336 _atext
_btxt
_2rdacontent
337 _aunmediated
_bn
_2rdamedia
338 _avolume
_bnc
_2rdacarrier
650 4 _aالعلوم الخفية
_916551
999 _aA4932
_c8500
_d8500